संगीत का सोंदर्य-बोध : (Record no. 119163)
[ view plain ]
| 000 -LEADER | |
|---|---|
| fixed length control field | 01274nam a22002897a 4500 |
| 003 - CONTROL NUMBER IDENTIFIER | |
| control field | dpl |
| 005 - DATE AND TIME OF LATEST TRANSACTION | |
| control field | 20190226133037.0 |
| 008 - FIXED-LENGTH DATA ELEMENTS--GENERAL INFORMATION | |
| fixed length control field | 190226b ||||| |||| 00| 0 eng d |
| 010 ## - LIBRARY OF CONGRESS CONTROL NUMBER | |
| LC control number | B-014344 |
| 020 ## - INTERNATIONAL STANDARD BOOK NUMBER | |
| Terms of availability | 500.00 |
| International Standard Book Number | 8174530304 |
| 035 ## - SYSTEM CONTROL NUMBER | |
| System control number | B-014344, B-014348 |
| 037 ## - SOURCE OF ACQUISITION | |
| Source of stock number/acquisition | Cen Lib/Ret |
| 040 ## - CATALOGING SOURCE | |
| Original cataloging agency | DPL |
| Language of cataloging | HN |
| Transcribing agency | 0 |
| 082 ## - DEWEY DECIMAL CLASSIFICATION NUMBER | |
| Classification number | 780.8 |
| Item number | गर्गउ |
| 100 ## - MAIN ENTRY--PERSONAL NAME | |
| Personal name | गर्ग, उमा |
| 9 (RLIN) | 83638 |
| 245 ## - TITLE STATEMENT | |
| Title | संगीत का सोंदर्य-बोध : |
| Statement of responsibility, etc | उमा गर्ग |
| Remainder of title | फिल्म संगीत के संदारंह में / |
| 246 ## - VARYING FORM OF TITLE | |
| Title proper/short title | Sageet ka sondrya bodh : fil sangeet ke sandarbh mei / |
| Remainder of title | by Uma Garg |
| 260 ## - PUBLICATION, DISTRIBUTION, ETC. (IMPRINT) | |
| Place of publication, distribution, etc | दिल्ली |
| Name of publisher, distributor, etc | संजय प्रकाशन |
| Date of publication, distribution, etc | 2000 |
| 270 ## - ADDRESS | |
| City | दिल्ली |
| Address | एक्स-4, गली न.2 ब्रहमपुरी |
| Postal code | 110053 |
| 300 ## - PHYSICAL DESCRIPTION | |
| Extent | ix,318पृ. |
| Dimensions | 20सेमी(सजिल्द ) |
| 500 ## - GENERAL NOTE | |
| General note | सन्दर्भ सूची शामिल |
| 650 ## - SUBJECT ADDED ENTRY--TOPICAL TERM | |
| Topical term or geographic name as entry element | शास्त्री संगीत--भारत |
| General subdivision | |
| Geographic subdivision | |
| 9 (RLIN) | 83639 |
| 650 ## - SUBJECT ADDED ENTRY--TOPICAL TERM | |
| Topical term or geographic name as entry element | शास्त्री संगीत |
| 9 (RLIN) | 1291 |
| 650 ## - SUBJECT ADDED ENTRY--TOPICAL TERM | |
| Topical term or geographic name as entry element | Classical music--India |
| 9 (RLIN) | 83640 |
| 650 ## - SUBJECT ADDED ENTRY--TOPICAL TERM | |
| Topical term or geographic name as entry element | Classical music |
| 9 (RLIN) | 38069 |
| 942 ## - ADDED ENTRY ELEMENTS (KOHA) | |
| Source of classification or shelving scheme | Dewey Decimal Classification |
| Koha item type | Hindi Books |
| Classification part | 780.8 |
| Call number suffix | गर्गउ |
| Withdrawn status | Lost status | Damaged status | Not for loan | Home library | Current library | Date acquired | Source of acquisition | Cost, normal purchase price | Total Checkouts | Total Renewals | Full call number | Barcode | Date last seen | Date checked out | Copy number | Cost, replacement price | Price effective from | Koha item type | Source of classification or shelving scheme | Collection code |
|---|---|---|---|---|---|---|---|---|---|---|---|---|---|---|---|---|---|---|---|---|
| Central Library | Central Library | 15/09/2015 | Cen Lib/Ref | 500.00 | 9 | 11 | 780.8 गर्गउ | B-014344 | 16/07/2021 | 12/06/2021 | 1 | 500.00 | 15/09/2015 | Hindi Books | ||||||
| Shahdara Branch | Shahdara Branch | 26/02/2019 | BPPD/PUB | 500.00 | 780.8 गर्गउ | B-014348 | 26/02/2019 | 500.00 | 26/02/2019 | Hindi Books | Dewey Decimal Classification | Non-fiction |
